[Event "Cali Valle Colombia op-B"]
[Site "Cali Valle Colombia"]
[Date "2022.12.27"]
[Round "2"]
[White "Arias Rendon, Harold Steve"]
[Black "Lopez de Anda, Edgar"]
[Result "1-0"]
[WhiteElo "1571"]
[BlackElo "1693"]
[PlyCount "69"]
[EventDate "2022.12.26"]
[EventType "swiss"]
[EventRounds "8"]
[EventCountry "COL"]
[SourceTitle "CBM 211 Extra"]
[Source "ChessBase"]
[SourceDate "2023.01.31"]
[SourceVersion "1"]
[SourceVersionDate "2023.01.31"]
[SourceQuality "1"]

1. e4 c5 2. Nf3 d6 3. d4 cxd4 4. Nxd4 Nf6 5. Nc3 a6 6. Bg5 e6 7. Qd2 Be7 8. 0-0-0 Qc7 9. f4 Nc6 10. Nf3 b5 11. Bxf6 gxf6 12. a3 Rb8 13. f5 b4 14. axb4 Nxb4 15. Nd4 Qb6 16. Kb1 Bd7 17. fxe6 fxe6 18. Bc4 Nd3 19. cxd3 Qxd4 20. Rc1 Rg8 21. Rhe1 Bb5 22. Nxb5 axb5 23. Bxe6 Rg5 24. g4 Re5 25. Bf5 Ra8 26. Qc2 Qa7 27. Qb3 Qa1+ 28. Kc2 Qa7 29. Qg8+ Bf8 30. Qxh7 Re7 31. Qg6+ Kd8 32. Qxf6 Bg7 33. Qxd6+ Ke8 34. Bg6+ Kf8 35. Rf1+ 1-0

[Event "Penang op-B 11th"]
[Site "Penang"]
[Date "2019.12.11"]
[Round "5"]
[White "Lopez de Anda, Edgar"]
[Black "Hoe, Chew Ming Thomas"]
[Result "1-0"]
[WhiteElo "1598"]
[BlackElo "1755"]
[PlyCount "61"]
[EventDate "2019.12.09"]
[EventType "swiss"]
[EventRounds "9"]
[EventCountry "MAS"]
[SourceTitle "CBM 193 Extra"]
[Source "ChessBase"]
[SourceDate "2020.01.31"]
[SourceVersion "1"]
[SourceVersionDate "2020.01.31"]
[SourceQuality "1"]

1. d4 Nf6 2. Nf3 g6 3. Bg5 Bg7 4. Nbd2 d6 5. e4 c6 6. Bd3 Nbd7 7. 0-0 h6 8. Bh4 g5 9. Bg3 Nh5 10. c3 Nxg3 11. hxg3 Qc7 12. Nc4 d5 13. exd5 cxd5 14. Ne3 e6 15. Re1 0-0 16. Ng4 f5 17. Nge5 Nxe5 18. Nxe5 Bxe5 19. Rxe5 g4 20. Qd2 Qg7 21. Qf4 Qg5 22. Qxg5+ hxg5 23. c4 dxc4 24. Bxc4 Rf6 25. Rae1 Kf7 26. d5 a6 27. dxe6+ Ke7 28. Bd3 b5 29. Bxf5 Bb7 30. Bxg4 Bc6 31. Rxg5 1-0

[Event "Hong Kong Caissa Sunday op"]
[Site "Hong Kong"]
[Date "2019.02.24"]
[Round "4"]
[White "Lopez de Anda, Edgar"]
[Black "Lam, Chun Yung Samuel"]
[Result "1-0"]
[WhiteElo "1617"]
[BlackElo "1330"]
[PlyCount "87"]
[EventDate "2019.01.13"]
[EventType "swiss"]
[EventRounds "7"]
[EventCountry "HKG"]
[SourceTitle "CBM 189 Extra"]
[Source "ChessBase"]
[SourceDate "2019.06.03"]
[SourceVersion "1"]
[SourceVersionDate "2019.06.03"]
[SourceQuality "1"]

1. d4 d5 2. Bf4 c5 3. e3 Nf6 4. c3 Nc6 5. Nd2 e6 6. Ngf3 cxd4 7. exd4 Nh5 8. Bg5 f6 9. Bh4 Bd6 10. Bg3 Nxg3 11. hxg3 0-0 12. Bd3 f5 13. Qc2 Re8 14. 0-0-0 Qa5 15. Nb3 Qxa2 16. Kd2 Na5 17. Nc1 Nc4+ 18. Bxc4 Qxc4 19. Nd3 Bd7 20. Ra1 Bb5 21. Rhe1 Qxd3+ 22. Qxd3 Bxd3 23. Kxd3 a6 24. Ng5 e5 25. dxe5 Bxe5 26. Nf3 Bf6 27. Nd4 g6 28. Nb3 b6 29. Rxe8+ Rxe8 30. Rxa6 Re6 31. Ra7 h5 32. Rd7 Re1 33. Rxd5 Rb1 34. Nd2 Rxb2 35. Rd7 Bg5 36. f4 Bf6 37. Rb7 Kf8 38. c4 Be7 39. Kc3 Bf6+ 40. Kd3 h4 41. gxh4 Bxh4 42. c5 Bf2 43. c6 Ke8 44. Nc4 1-0

[Event "Hong Kong Caissa Sunday op"]
[Site "Hong Kong"]
[Date "2019.01.13"]
[Round "1"]
[White "Lopez de Anda, Edgar"]
[Black "Puhar, Aaron"]
[Result "1-0"]
[WhiteElo "1617"]
[BlackElo "1049"]
[PlyCount "41"]
[EventDate "2019.01.13"]
[EventType "swiss"]
[EventRounds "7"]
[EventCountry "HKG"]
[SourceTitle "CBM 189 Extra"]
[Source "ChessBase"]
[SourceDate "2019.06.03"]
[SourceVersion "1"]
[SourceVersionDate "2019.06.03"]
[SourceQuality "1"]

1. d4 d5 2. Nf3 Nf6 3. Bg5 Bg4 4. Nbd2 Nbd7 5. e3 Ne4 6. Bh4 Nef6 7. c4 e6 8. cxd5 exd5 9. Qb3 Nb6 10. Ne5 Be6 11. Bxf6 Qxf6 12. Bb5+ Bd7 13. Nxd7 Nxd7 14. Bxd7+ Kxd7 15. Qxd5+ Kc8 16. 0-0 Bd6 17. Ne4 Qh6 18. Nxd6+ cxd6 19. Rac1+ Kd8 20. Qxb7 Re8 21. Qc7# 1-0

[Event "Hong Kong Jolimark op"]
[Site "Hong Kong"]
[Date "2018.12.25"]
[Round "7"]
[White "Mekarapiruk, Chawit"]
[Black "Lopez de Anda, Edgar"]
[Result "1/2-1/2"]
[WhiteElo "1612"]
[BlackElo "1528"]
[PlyCount "42"]
[EventDate "2018.12.22"]
[EventType "swiss"]
[EventRounds "9"]
[EventCountry "HKG"]
[SourceTitle "CBM 188 Extra"]
[Source "ChessBase"]
[SourceDate "2019.02.26"]
[SourceVersion "1"]
[SourceVersionDate "2019.02.26"]
[SourceQuality "1"]

1. d4 Nf6 2. Nf3 e6 3. c4 d5 4. Nc3 Be7 5. g3 0-0 6. Bg2 dxc4 7. Ne5 c5 8. dxc5 Nd5 9. Nxd5 exd5 10. Qxd5 Qa5+ 11. Bd2 Qc7 12. Bf4 Qa5+ 13. Bd2 Qc7 14. Bf4 Qa5+ 15. Bd2 Qc7 16. Nxc4 Rd8 17. Qe5 Qxe5 18. Nxe5 Bxc5 19. e3 f6 20. Nf3 Nc6 21. Rc1 Be6 1/2-1/2

[Event "Hong Kong Jolimark op"]
[Site "Hong Kong"]
[Date "2018.12.23"]
[Round "2"]
[White "Lee, Wing Kin"]
[Black "Lopez de Anda, Edgar"]
[Result "0-1"]
[WhiteElo "1156"]
[BlackElo "1528"]
[PlyCount "76"]
[EventDate "2018.12.22"]
[EventType "swiss"]
[EventRounds "9"]
[EventCountry "HKG"]
[SourceTitle "CBM 188 Extra"]
[Source "ChessBase"]
[SourceDate "2019.02.26"]
[SourceVersion "1"]
[SourceVersionDate "2019.02.26"]
[SourceQuality "1"]

1. c4 e5 2. e3 Nf6 3. Nc3 c6 4. g3 d5 5. cxd5 cxd5 6. Bg2 Nc6 7. d3 Bb4 8. a3 Bxc3+ 9. bxc3 0-0 10. Ne2 Be6 11. 0-0 Rc8 12. h3 Qd7 13. Kh2 Ne7 14. Bb2 Ng6 15. f4 Rfe8 16. c4 exf4 17. Nxf4 dxc4 18. Bxf6 gxf6 19. Nxg6 hxg6 20. d4 Bd5 21. Bxd5 Qxd5 22. Qf3 Qxf3 23. Rxf3 c3 24. Rc1 f5 25. Kg2 Re6 26. g4 Ra6 27. gxf5 gxf5 28. Rxf5 Rxa3 29. Rc5 Rxc5 30. dxc5 c2 31. Rxc2 Rxe3 32. Ra2 a6 33. Rb2 Rc3 34. Rxb7 Rxc5 35. Rb4 Ra5 36. Rg4+ Kh7 37. Rh4+ Kg6 38. Rg4+ Rg5 0-1

[Event "Laos op"]
[Site "Vientiane"]
[Date "2018.01.05"]
[Round "5"]
[White "Lopez de Anda, Edgar"]
[Black "Marin, Sam"]
[Result "0-1"]
[WhiteElo "1541"]
[BlackElo "2060"]
[PlyCount "86"]
[EventDate "2018.01.03"]
[EventType "swiss"]
[EventRounds "9"]
[EventCountry "LAO"]
[SourceTitle "CBM 182 Extra"]
[Source "ChessBase"]
[SourceDate "2018.02.23"]
[SourceVersion "1"]
[SourceVersionDate "2018.02.23"]
[SourceQuality "1"]

1. d4 Nf6 2. Nf3 b6 3. Bg5 Bb7 4. e3 e6 5. Bd3 Be7 6. 0-0 h6 7. Bh4 d6 8. Nbd2 Nbd7 9. c3 c5 10. Re1 g5 11. Bg3 Nh5 12. dxc5 bxc5 13. Nf1 g4 14. N3d2 Nxg3 15. hxg3 h5 16. e4 Qc7 17. a4 a5 18. Nc4 Nb6 19. Qe2 Bc6 20. Nfe3 Nxc4 21. Nxc4 Rb8 22. Na3 Kf8 23. Nb5 Qb7 24. c4 Rg8 25. Qd2 Qb6 26. Qh6+ Ke8 27. Qxh5 Rg5 28. Qh7 Bxb5 29. axb5 Bf6 30. Rab1 Ke7 31. e5 Bxe5 32. Qe4 Rh8 33. Kf1 Bxb2 34. Qf4 Rh1+ 35. Ke2 Re5+ 36. Be4 Rxe1+ 37. Rxe1 d5 38. Kd3 dxe4+ 39. Kc2 Bd4 40. Rh1 Rf5 41. Qxe4 Rxf2+ 42. Kc1 a4 43. Qa8 a3 0-1

[Event "Laos op"]
[Site "Vientiane"]
[Date "2018.01.04"]
[Round "2"]
[White "Saipetch, Kai"]
[Black "Lopez de Anda, Edgar"]
[Result "1/2-1/2"]
[WhiteElo "1211"]
[BlackElo "1541"]
[PlyCount "139"]
[EventDate "2018.01.03"]
[EventType "swiss"]
[EventRounds "9"]
[EventCountry "LAO"]
[SourceTitle "CBM 182 Extra"]
[Source "ChessBase"]
[SourceDate "2018.02.23"]
[SourceVersion "1"]
[SourceVersionDate "2018.02.23"]
[SourceQuality "1"]

1. e4 c5 2. Nf3 Nc6 3. d4 cxd4 4. Nxd4 g6 5. Nc3 Bg7 6. Be3 Nf6 7. Bc4 0-0 8. f3 d6 9. Qd2 Nxd4 10. Bxd4 a6 11. 0-0-0 Qc7 12. Bb3 b5 13. h4 Bb7 14. h5 Rfc8 15. hxg6 hxg6 16. g4 e6 17. g5 Nh5 18. Bxg7 Kxg7 19. Qxd6 Qxd6 20. Rxd6 Rc5 21. Rg1 Nf4 22. Rg4 Nh3 23. Rd7 Bc8 24. Rd2 Rxg5 25. Rxg5 Nxg5 26. f4 Nh3 27. Ne2 g5 28. fxg5 Nxg5 29. Nc3 b4 30. Rg2 bxc3 31. Rxg5+ Kf6 32. Ra5 cxb2+ 33. Kxb2 Ke7 34. e5 Bd7 35. Bc4 Bc8 36. Kc3 Kd7 37. Kd4 Kc6 38. a3 Kb6 39. Ra4 a5 40. Bb3 Bd7 41. Rc4 Rh8 42. Kc3 Rh3+ 43. Kb2 Re3 44. Rf4 Be8 45. Rf6 Rxe5 46. Kc3 Kc5 47. Kd3 Rg5 48. Bxe6 fxe6 49. Rxe6 Bb5+ 50. Kc3 Rg3+ 51. Kb2 Bc4 52. Re5+ Bd5 53. Re7 a4 54. Ra7 Bc6 55. Re7 Rg2 56. Re3 Bd5 57. Rc3+ Kb5 58. Rc8 Be4 59. Rc3 Rg5 60. Re3 Bg6 61. Rc3 Rc5 62. Rxc5+ Kxc5 63. Ka2 Bxc2 64. Kb2 Bb3 65. Ka1 Kc4 66. Kb2 Kd3 67. Ka1 Kc4 68. Kb2 Kd3 69. Ka1 Kc3 70. Kb1 1/2-1/2

[Event "Hong Kong-ch op"]
[Site "Hong Kong"]
[Date "2017.10.09"]
[Round "1"]
[White "Deng, Jing Xin Crystal"]
[Black "Lopez de Anda, Edgar"]
[Result "0-1"]
[WhiteElo "1719"]
[BlackElo "1803"]
[PlyCount "110"]
[EventDate "2017.10.09"]
[EventType "swiss"]
[EventRounds "7"]
[EventCountry "HKG"]
[SourceTitle "EXT 2019"]
[Source "ChessBase"]
[SourceDate "2018.10.10"]
[SourceVersion "1"]
[SourceVersionDate "2018.10.10"]
[SourceQuality "1"]

1. d4 d5 2. c4 Nf6 3. cxd5 Nxd5 4. e4 Nb6 5. Nf3 e6 6. Be2 Be7 7. 0-0 0-0 8. Nc3 c5 9. Be3 cxd4 10. Nxd4 e5 11. Nf3 Nc6 12. Nd5 Nxd5 13. exd5 Nb4 14. Nxe5 Nxd5 15. Bd4 Be6 16. Rc1 Bg5 17. Rc5 Be7 18. Rc1 Nf4 19. Bc4 Rc8 20. Bxe6 Rxc1 21. Bxf7+ Rxf7 22. Nxf7 Qd5 23. Qg4 Rxf1+ 24. Kxf1 Qc4+ 25. Ke1 Qc1+ 26. Qd1 Qxd1+ 27. Kxd1 Kxf7 28. g3 Nd5 29. Bxa7 Ke6 30. Bd4 g6 31. Kd2 Nb4 32. a3 Nc6 33. Bc3 Kd5 34. Kd3 Bc5 35. f4 Bg1 36. h3 Bh2 37. Be1 Nd4 38. Bf2 Nf5 39. g4 Nd6 40. Be3 Bg3 41. b3 Ne4 42. g5 Nf2+ 43. Bxf2 Bxf2 44. Ke2 Bd4 45. Kf3 Bc3 46. Kg4 Ke4 47. b4 Bd2 48. b5 Bxf4 49. a4 Bd2 50. h4 b6 51. h5 gxh5+ 52. Kxh5 Kf5 53. Kh6 Bxg5+ 54. Kxh7 Bd2 55. Kg7 Ke5 0-1